000 nam a22 7a 4500
999 _c53425
_d53425
003 OSt
005 20220722105104.0
008 220722b xxu||||| |||| 00| 0 eng d
040 _cIIMT UNIVERSITY MEERUT
100 _aROHMEL, D
245 _aVISUAL BASIC -6
260 _bTHM
300 _a461
942 _2ddc
_c09